000
00218nam a2200097Ia 4500
008
120527s9999 xx 000 0 und d
100
_a
CALHOUN,C.
245
_a
Egyptian designs.
260
_b
Stemmer House
942
_c
BK
999
_c
24081
_d
24081